Les freres zemganno
Tallennettuna:
| Päätekijä: | |
|---|---|
| Aineistotyyppi: | Kirja |
| Kieli: | ranska |
| Julkaistu: |
París
Nelson
1879
|
| Aiheet: | |
| Tagit: |
Lisää tagi
Ei tageja, Lisää ensimmäinen tagi!
|
MARC
| LEADER | 00000nam a2200000 a 4500 | ||
|---|---|---|---|
| 001 | UCY7868 | ||
| 003 | CL-VaPUC | ||
| 008 | 950622e18790000FR |||||||||||||||||fre|d | ||
| 082 | 0 | 4 | |a 843 |b GON |2 21 |
| 100 | 0 | |a Goncourt, Edmond de |e author |9 338735 | |
| 245 | 1 | 4 | |a Les freres zemganno |
| 300 | |a 288 p | ||
| 942 | |c BK | ||
| 945 | |d 19950622 00:00:00 |a rbrito | ||
| 260 | |a París |b Nelson |c 1879 | ||
| 650 | 0 | |a Novela francesa |9 264985 | |
| 583 | |a last modification |c 19950622 00:00:00 |k Rodrigo Vera | ||
| 999 | |c 235169 |d 235167 | ||
| 952 | |0 0 |1 0 |4 0 |6 843_000000000000000_GON_1879 |7 0 |8 P |9 242387 |a BIBEDU |b BIBEDU |c BIBEDU_PB |d 2019-11-18 |i 3096092 |o 843 GON 1879 |p 3096092 |r 2024-01-25 |w 2019-11-18 |y BK |k LIT | ||